| 000 | 00978nam a22002537a 4500 | ||
|---|---|---|---|
| 999 |
_c63951 _d63951 |
||
| 005 | 20240530110707.0 | ||
| 008 | 180121s2016 ua a f b 000 0dara d | ||
| 017 |
_a2016/2027 _bمصر. دار الكتب |
||
| 020 | _a9789773192570 | ||
| 040 |
_aEG-CaGPL _cEG-CaGPL |
||
| 082 | 0 | 4 |
_221 _a302.23 _bق/ع م |
| 100 | 0 | _aعواطف عبدالرحمن | |
| 245 | 1 | 2 |
_aالمرأة والاعلام فى صعيد مصر : _bبحث جماعى / _cعواطف عبدالرحمن . |
| 250 | _aط.1 | ||
| 260 |
_aالقاهرة : _bالعربى للنشر و التوزيع ، _c2016 . |
||
| 300 |
_a271 ص. ؛ _c24 سم. |
||
| 504 | _aببليوجرافية : ص 211 - 270 | ||
| 650 | 0 | 7 |
_2qrmak _aالمرأة _xالصعيد |
| 650 | 0 | 7 |
_2qrmak _aالمرأة المصرية |
| 650 | 0 | 7 |
_2qrmak _aالمرأة _xالاحوال الاجتماعية _yمصر |
| 650 | 0 | 7 |
_2qrmak _aالمجتمع المصرى |
| 942 |
_2ddc _cBK |
||